000 00541nam a2200217 a 4500
999 _c2064
_d2064
007 ta
008 200203t2000 xxkad||g |||| 00| 0 eng d
020 _a9789280161144
_c€. 40.00
040 _aKO
_beng
041 0 _aeng
044 _axxk
082 0 4 _223
_a623.8245071
_bIn858
245 1 0 _aModel Course 1.01 Tanker Familiarization /
250 _a2000nd ed.
260 _aLondon :
_bIMO,
_c2000.
300 _av , 208 p. :
_bill., Charts. ;
_c30 cm
650 0 _aTankers
_vTextbooks
904 _aReshma_R
942 _cBK